Fe y razón : interacción entre teología y filosofía /

שמור ב:
מידע ביבליוגרפי
מחבר תאגידי: Iglesia Católica. Papa (1978-2005 : Juan Pablo II)
פורמט: ספר
שפה:ספרדית
יצא לאור: México : Ediciones Paulinas, 1998, c1998
מהדורה:4a edición
סדרה:(Actas y Documentos Pontificios ; 129)
נושאים:
תגים: הוספת תג
אין תגיות, היה/י הראשונ/ה לתייג את הרשומה!

MARC

LEADER 00000nam^a2200000^a^4500
001 000186822
005 20250521000000.0
009 20260310102240.22
020 |a 970-612-344-X 
037 |a Acervo ITESO - Biblioteca 
041 |a ESP 
082 |a 262. 91  |b IGL FID JUP 1998 
110 |a Iglesia Católica.  |b Papa (1978-2005 : Juan Pablo II) 
240 1 1 |a [Encíclicas papales] 
240 1 1 |a [Fides et ratio] 
245 1 0 |a Fe y razón :  |b interacción entre teología y filosofía /  |c Juan Pablo II. 
250 |a 4a edición 
264 4 |a México :  |b Ediciones Paulinas,  |c 1998, c1998 
300 |a 127 p. 
336 |a texto  |b txt  |2 rdacontenido 
337 |a sin mediación  |b n  |2 rdamedio 
338 |a volumen  |b nc  |2 rdasoporte 
440 1 |a (Actas y Documentos Pontificios ;  |v 129) 
649 |a XX 
650 |a Encíclicas 
650 |a Fe -  |x Tema Principal 
650 |a Razón -  |x Tema Principal 
650 |a Filosofía y Religión 
650 |a Teología 
650 |a Documentos Pontificios 
650 |a Iglesia Católica -  |x Cartas y Edictos Pastorales 
650 |a Iglesia Católica -  |x Historia -  |x Documentos 
650 |a Iglesia Católica -  |x Historia -  |y Papa, 1978-2005 (Juan Pablo II) 
650 |a Iglesia Católica -  |x Historia -  |y Siglo XX 
650 |a Catolicismo 
650 |a Cristianismo 
650 |a Religión 
910 |a Fondo General 
920 |a Impresos - Libros 
930 |a Colección General 
905 |a 101 
901 |a 0500128578  |b IT1  |c ACC  |u 20250521 
902 |a https://opac.biblio.iteso.mx/vufind/Record/000186822